000 00603nam a2200241Ia 4500
001 42468
005 20240114003506.0
007 ta
008 080627s g b000 u 346 u
020 _cHB
040 _aCotton College Assam
041 _a346
082 _a891.443
_bR 13 P
100 _aRai, Ban .
245 0 _aPrem /
_cBani Rai.
_hTextual Documents
260 _aCalcutta :
_bMitra & Ghosh publishers ,
_c1974.
300 _a175pg ;
_c18cm.
653 _aPrem-Bengali Novel
653 _aT/G-Bengali Novel
942 _2ddc
_cBK
999 _c42434
_d42434